000 00961cam a2200217 4500
001 WB4019-07
008 040518n2004 000 0 eng u
035 _a(Sirsi) u126228
245 _aLaunch of rooftop wind turbine pilot
260 _c2004
490 _aScottish Executive News Release
_v(SEel336a/2004) 18 May 2004 (4)
520 _aRooftop turbines are being installed at each of five Fife primary schools which if successful could be sited on houses and buildings across Scotland. The turbines were developed by Renewables Devices Limited and can generate up to 4000 kw hours of green electricity a year, saving up to 1720kg of carbon dioxide. For the Scottish Executive News Release: http://www.scotland.gov.uk/pages/news/2004/05/SEel 336a.aspx
590 _aWB
590 _aWB
650 _aSCOTLAND
650 _aWIND TURBINES
650 _aSCHOOL BUILDINGS
650 _aRENEWABLE ENERGY
690 _aENERGY-EFFICIENCY
942 _n0
999 _c117370
_d117370